[Event "TUR-ch Veterans 2020"]
[Site "Antalya-Belek"]
[Date "2020.01.23"]
[Round "7"]
[White "Yilmaz, Turhan"]
[Black "Yasin, Hur"]
[Result "1-0"]
[WhiteElo "2132"]
[BlackElo "1936"]
[Annotator "TA"]
[PlyCount "105"]
[EventDate "2020.01.19"]
[EventCountry "TUR"]
[SourceTitle "playchess.com"]
[Source "ChessBase"]
[SourceQuality "1"]

{[%evp 11,133,6,18,20,35,25,53,27,77,79,89,96,96,86,87,53,92,97,95,89,91,95,102,97,105,77,99,74,73,77,96,101,129,107,146,120,169,111,104,108,102,75,86,64,80,9,66,0,0,0,0,0,46,47,100,105,173,106,167,166,292,291,312,304,731,721,713,687,2567,2346,2069,1337,2008,1246,29988,29989,29989,29990,29993,29994,29994,29995,29995,29993,29995,2843,1130,1024,1017,762,918,672,1102,1591,1344,1216,12837,12837,12840,12841,29990,12839,12840,12840,12841,12841,12841,12841,12841,12839,12841,12841,12841,12839,12840,12840,12841,12841,12846,12847,12849,12849,12850,12850]} 1. e4 e6 2. d4 d5 3. e5 c5 4. c3 Nc6 5. Nf3 Bd7 6. a3 f6 7. Bb5 {C02: French: Advance Variation} (7. Bd3 Qc7 8. O-O O-O-O 9. Qe2 Nge7 10. b4 c4 11. Bc2 Ng6 12. Re1 Be7 13. a4 fxe5 14. dxe5 Rdf8 15. Na3 Nf4 16. Qd1 Be8 {1-0 (37) Grischuk,A (2737)-Morozevich,A (2676) Doha 2016}) 7... Qb6 8. Bxc6 bxc6 9. O-O {White is slightly better.} cxd4 10. cxd4 ({Reject} 10. Qxd4 $6 c5 $11) 10... c5 11. dxc5 Bxc5 12. b4 Be7 13. Be3 {[#]} Qa6 $146 ({Predecessor:} 13... Qb7 14. Nbd2 fxe5 15. Nxe5 {1-0 (44) Abdulla,K (2245)-Ulybin,M (2512) Ankara 2018}) 14. Nc3 Rc8 15. Qd2 fxe5 16. Nxe5 Bf6 17. Bd4 Bxe5 18. Bxe5 Nf6 19. Bxf6 gxf6 20. Rfe1 {Strongly threatening Nxd5.} Kf7 {[#]} 21. Ne4 $1 {[%mdl 512]} h5 (21... dxe4 22. Qxd7+) 22. Nc5 Qd6 23. Rac1 Rcg8 24. Nxd7 ({White should play} 24. Rc3 $18) 24... Qxd7 $16 25. Rc5 Rc8 26. Rxc8 Qxc8 {[%mdl 4096] Endgame KQR-KQR} 27. Rc1 Qd7 28. Qc2 (28. Rc5 $16 d4 29. Qd3) 28... d4 (28... e5 $1 $11) 29. Qe4 (29. Qd3 $14) 29... f5 $11 30. Qf4 {Hoping for Rc7!} Rc8 31. Rd1 $36 {[%mdl 2048] White fights for an advantage.} Rd8 32. Qh6 e5 ({Black should try} 32... d3 $1 $14) 33. Qxh5+ $16 Ke6 {[#]} (33... Ke7 $16) 34. h4 ({Better is} 34. Qg6+ $1 $18 Kd5 {[#]} 35. f4 $1 {[%mdl 512]}) 34... Kd5 (34... Qf7 $16 {is a better defense.} 35. Qe2 Qc7) 35. Qg5 $18 Kc6 (35... e4 $142 36. f3 (36. Qf6 d3 $16) 36... Kc6) 36. Qf6+ Kd5 37. h5 Rc8 $2 (37... Re8 38. h6 Qe6) 38. h6 Rc6 39. Qg5 Qh7 40. Qd8+ Rd6 41. Qa8+ Ke6 42. Qe8+ Kd5 43. Rc1 Ke4 44. Re1+ Kd3 45. Qb5+ Kc3 46. Qc5+ {[%mdl 64] Double Attack} Kd2 47. Qc1+ Kd3 48. Rd1+ (48. f3 $142 Qxh6 49. Rd1+ Qd2 50. Rxd2+ Ke3 51. Rd1+ Ke2 52. Qd2#) 48... Ke4 49. f3+ Kd5 50. Qc5+ Ke6 51. Qc8+ Kf6 52. Qf8+ Ke6 53. f4 {Played: Rd1-e1} 1-0

[Event "TUR-ch Veterans 2020"]
[Site "Antalya-Belek"]
[Date "2020.01.23"]
[Round "7"]
[White "Tofan, Ibrahim"]
[Black "Guner, Bulent"]
[Result "0-1"]
[WhiteElo "2082"]
[BlackElo "1964"]
[Annotator "NA RC"]
[PlyCount "132"]
[EventDate "2020.01.19"]
[EventCountry "TUR"]
[SourceTitle "playchess.com"]
[Source "ChessBase"]
[SourceQuality "1"]
[TimeControl "5400+30"]

1. Nf3 {[%emt 0:00:30]} Nf6 {[%emt 0:01:30]} 2. g3 {[%emt 0:00:30]} b6 {[%emt 0:00:30]} 3. Bg2 {[%emt 0:02:30]} Bb7 {[%emt 0:00:00]} 4. O-O {[%emt 0:00:30]} c5 {[%emt 0:01:00]} 5. c4 {[%emt 0:00:00]} g6 {[%emt 0:00:30]} 6. b3 {[%emt 0:00:00]} Bg7 {[%emt 0:01:30]} 7. Bb2 {[%emt 0:00:30]} O-O {[%emt 0:00:00]} 8. d4 {[%emt 0:02:30]} cxd4 {[%emt 0:02:00]} 9. Nxd4 {[%emt 0:00:00]} Bxg2 {[%emt 0:00:30]} (9... Qc8 {[%emt 0:00:30]}) 10. Kxg2 {[%emt 0:00:00]} Qc8 {[%emt 0:00:30]} 11. Nc3 {[%emt 0:01:30]} Qb7+ {[%emt 0:00:30]} 12. Nf3 {[%emt 0:03:30] A30: Symmetrical English: Double Fianchetto and Hedgehog} Ne4 {[%emt 0:07:30]} 13. Rc1 $146 {[%emt 0:04:30]} ({Predecessor:} 13. Qd3 Nxc3 14. Bxc3 Bxc3 15. Qxc3 d6 16. Qe3 Re8 17. Rfd1 Nd7 18. Rd4 Nf6 19. Rad1 Kg7 {½-½ (43) Vernersson,P (2506)-Larsson,P (2341) Sweden 2005}) 13... Nxc3 {[%emt 0:05:30]} 14. Bxc3 {[%emt 0:00:00]} Bxc3 {[%emt 0:02:30]} (14... Na6 {[%emt 0:01:30]}) 15. Rxc3 {[%emt 0:00:00]} Na6 {[%emt 0:00:30]} 16. Qd2 {[%emt 0:00:30]} Qc6 {[%emt 0:11:30]} 17. Rd1 {[%emt 0:04:30]} Rad8 {[%emt 0:03:30]} 18. Re3 {[%emt 0:01:30]} Rfe8 $1 {[%emt 0:04:30]} 19. Kg1 {[%emt 0:00:30]} Qf6 {[%emt 0:07:30]} 20. h4 {[%emt 0:02:30]} Nc5 {[%emt 0:03:30]} 21. Ne5 {[%emt 0:06:30]} d6 {[%emt 0:02:30]} 22. Nc6 {[%emt 0:03:30]} Rd7 {[%emt 0:01:30]} 23. Nb4 {[%emt 0:01:30]} e6 {[%emt 0:05:30]} 24. Nd5 {[%emt 0:02:30]} Qg7 {[%emt 0:01:30]} 25. Nc3 {[%emt 0:07:30]} Red8 {[%emt 0:01:30]} 26. Ne4 {[%emt 0:07:30]} Nxe4 {[%emt 0:02:30]} 27. Rxe4 {[%emt 0:00:30]} h5 {[%emt 0:02:30]} 28. Rd4 {[%emt 0:00:30]} Qe5 {[%emt 0:04:30]} 29. e4 {[%emt 0:00:30]} a6 {[%emt 0:03:30]} 30. Qb4 {[%emt 0:04:30]} Qc5 {[%emt 0:01:30]} 31. Qd2 {[%emt 0:00:30]} Qe5 {[%emt 0:00:30]} 32. Kh2 {[%emt 0:03:30]} a5 {[%emt 0:03:30]} 33. Qh6 {[%emt 0:01:30]} Qc5 {[%emt 0:02:02]} 34. Qd2 {[%emt 0:02:30]} Kg7 {[%emt 0:02:24]} 35. a4 {[%emt 0:00:00]} Kh7 {[%emt 0:01:16]} 36. Kg2 {[%emt 0:02:00]} Kg7 {[%emt 0:00:14]} 37. Qe2 {[%emt 0:03:30]} Kh7 {[%emt 0:01:53]} 38. f4 {[%emt 0:00:30]} Kg7 {[%emt 0:02:29]} 39. Kh2 {[%emt 0:00:30]} Kg8 {[%emt 0:02:45]} 40. Qf3 {[%emt 0:01:30]} Kg7 {[%emt 0:01:07]} 41. R1d2 {[%emt 0:01:30]} Kg8 {[%emt 0:00:21]} 42. Qd3 {[%emt 0:07:30]} Kg7 {[%emt 0:00:34]} 43. Qb1 {[%emt 0:02:30]} Kg8 {[%emt 0:00:20]} 44. Qd1 {[%emt 0:00:30]} Kg7 {[%emt 0:01:25]} 45. R4d3 {[%emt 0:00:30]} Kg8 {[%emt 0:00:28]} 46. Qa1 {[%emt 0:00:30]} Qc6 {[%emt 0:00:34]} 47. Qd4 {[%emt 0:00:30]} Qc5 {[%emt 0:01:17]} 48. Qf6 {[%emt 0:00:30]} Re8 {[%emt 0:01:58]} 49. Rf3 {[%emt 0:09:34]} Qb4 {[%emt 0:01:17]} 50. Re2 {[%emt 0:00:56]} Qc5 {[%emt 0:00:34]} 51. Rd3 {[%emt 0:00:36]} Red8 {[%emt 0:01:33]} 52. Rd1 {[%emt 0:02:04]} Re8 {[%emt 0:00:23]} 53. Rd3 {[%emt 0:03:19]} Red8 {[%emt 0:00:51]} 54. Red2 {[%emt 0:00:09]} Qc6 {[%emt 0:00:36]} 55. Rd4 {[%emt 0:00:15]} Re8 {[%emt 0:01:14]} 56. e5 {[%emt 0:00:34]} (56. Rg2 $16) 56... Red8 {[%emt 0:01:10]} 57. f5 {[%emt 0:03:10]} gxf5 {[%emt 0:01:13]} 58. Qg5+ {[%emt 0:00:22]} Kf8 {[%emt 0:00:32]} 59. Qh6+ {[%emt 0:01:13]} Kg8 {[%emt 0:00:48]} 60. Rf2 $2 {[%emt 0:01:37]} (60. exd6 $11 Rxd6 61. Qg5+ Kf8 62. Qxh5) 60... Qc5 $2 {[%emt 0:00:58]} (60... dxe5 $19 61. Rxd7 Qxd7 62. Qg5+ Kf8 63. Qh6+ Ke8 64. Qh8+ Ke7 65. Qxe5 Qc6) 61. Qg5+ {[%emt 0:01:19]} Kf8 {[%emt 0:00:20]} 62. Qh6+ {[%emt 0:01:37]} Kg8 {[%emt 0:00:07]} 63. Rfd2 {[%emt 0:01:47]} Qxe5 {[%emt 0:00:17]} 64. Qxh5 {[%emt 0:00:26]} Qf6 $11 {[%emt 0:00:33]} 65. Qf3 {[%emt 0:00:55]} Kf8 {[%emt 0:01:33]} 66. Qc6 {[%emt 0:00:20]} Ke7 {[%emt 0:00:29]} 0-1

[Event "TUR-ch Veterans 2020"]
[Site "Antalya-Belek"]
[Date "2020.01.23"]
[Round "7"]
[White "Pekun, Cem"]
[Black "Cicek, Cemil"]
[Result "1-0"]
[WhiteElo "2061"]
[BlackElo "1940"]
[Annotator "NA RC"]
[PlyCount "45"]
[EventDate "2020.01.19"]
[EventCountry "TUR"]
[SourceTitle "playchess.com"]
[Source "ChessBase"]
[SourceQuality "1"]
[TimeControl "5400+30"]

{[%evp 8,44,28,32767,32767,32767,32767,32767,32767,32767,32767,33,35,0,32767,32767,-7,-21,-30,-28,0,-11,81,33,27,46,75,76,29990,29991,29991,29992,29992,29993,29995,29992,29998,29999,29999]} 1. e4 {[%emt 0:00:30]} c5 {[%emt 0:00:30]} 2. Nf3 {[%emt 0:00:30]} Nc6 {[%emt 0:00:30]} 3. d4 {[%emt 0:00:30]} cxd4 {[%emt 0:00:30]} 4. Nxd4 {[%emt 0:00:00]} e6 {[%emt 0:01:30]} 5. Nc3 {[%emt 0:00:00]} a6 {[%emt 0:00:30]} 6. Nxc6 {[%emt 0:02:30]} bxc6 {[%emt 0:00:30]} 7. Bd3 {[%emt 0:00:30]} Be7 {[%emt 0:00:30]} 8. O-O {[%emt 0:01:30]} d6 {[%emt 0:00:30]} 9. f4 {[%emt 0:03:30]} Nf6 {[%emt 0:00:30]} 10. e5 {[%emt 0:05:30] B46: Sicilian: Taimanov: 5 Nc3 a6} (10. Kh1 Bb7 11. e5 Nd5 12. Ne4 c5 13. exd6 Bxd6 14. f5 Nf6 15. Bg5 e5 16. Bxf6 gxf6 17. Qf3 Ke7 {0-1 (71) Adams,M (2716)-Polgar,J (2677) Frankfurt 1999}) 10... dxe5 {[%emt 0:00:30]} 11. fxe5 {[%emt 0:00:30]} Qd4+ {[%emt 0:00:30]} 12. Kh1 {[%emt 0:00:00]} Qxe5 {[%emt 0:00:30]} 13. Qf3 {[%emt 0:03:00]} Bd7 $146 {[%emt 0:00:30]} ({Predecessor:} 13... O-O 14. Qxc6 Bd7 15. Qf3 Rfc8 16. Bf4 Qh5 17. Qg3 Ne8 {1-0 (42) Forgacs,G (2340)-Simon,R (2320) Wuerzburg 1989}) 14. Bf4 {[%emt 0:00:30]} Qa5 {[%emt 0:00:30]} (14... Qh5 $11) 15. Rae1 {[%emt 0:00:30]} ({White should play} 15. Ne4 $16) 15... O-O {[%emt 0:04:30]} 16. Be5 {[%emt 0:00:30]} Qd8 {[%emt 0:02:30]} 17. Re3 {[%emt 0:12:30]} Nd5 $2 {[%emt 0:00:30] [#]} (17... Ne8 $14) 18. Bxh7+ $1 {[%emt 0:09:30]} Kxh7 {[%emt 0:01:30]} 19. Qh5+ {[%emt 0:00:30]} Kg8 {[%emt 0:02:30] [#]} 20. Bxg7 $1 {[%emt 0:00:30]} f5 {[%emt 0:02:30]} 21. Rg3 {[%emt 0:00:30]} Bh4 {[%emt 0:03:30] [#]} 22. Bf6+ $1 {[%emt 0:00:30] Discovered Attack} Bxg3 {[%emt 0:00:30]} 23. Qg6# {[%emt 0:00:30]} 1-0

[Event "TUR-ch Veterans 2020"]
[Site "Antalya-Belek"]
[Date "2020.01.23"]
[Round "7"]
[White "Cetinkaya, Vedat Ali"]
[Black "Yavic, Adnan"]
[Result "0-1"]
[WhiteElo "2026"]
[BlackElo "1590"]
[Annotator "NA RC"]
[PlyCount "68"]
[EventDate "2020.01.19"]
[EventCountry "TUR"]
[SourceTitle "playchess.com"]
[Source "ChessBase"]
[SourceQuality "1"]
[TimeControl "5400+30"]

1. d4 {[%emt 0:00:30]} Nf6 {[%emt 0:00:30]} 2. c4 {[%emt 0:00:30]} e6 {[%emt 0:00:30]} 3. Nc3 {[%emt 0:00:30]} d5 {[%emt 0:01:30]} 4. e3 {[%emt 0:00:30]} c6 {[%emt 0:01:30]} 5. Bd3 {[%emt 0:00:00]} Bd6 {[%emt 0:00:30]} 6. Nf3 {[%emt 0:00:00]} h6 {[%emt 0:01:30]} 7. O-O {[%emt 0:00:00]} Nbd7 {[%emt 0:01:30]} 8. Qe2 {[%emt 0:00:00]} b6 {[%emt 0:01:30]} 9. e4 {[%emt 0:01:30]} dxe4 {[%emt 0:03:30]} 10. Nxe4 {[%emt 0:00:30]} Be7 {[%emt 0:01:30]} (10... Nxe4 $11 {remains equal.} 11. Bxe4 (11. Qxe4 Bb7 $11) 11... Bb7) 11. Bf4 {[%emt 0:06:30]} O-O {[%emt 0:03:30]} 12. Rad1 {[%emt 0:02:30]} Bb7 {[%emt 0:01:30]} 13. Nd6 {[%emt 0:03:30]} Qc7 {[%emt 0:05:30]} 14. c5 {[%emt 0:26:30]} bxc5 {[%emt 0:02:30]} 15. dxc5 {[%emt 0:02:30]} (15. Nf5 $5 Qd8 16. Nxe7+ Qxe7 17. dxc5 $16) 15... Nxc5 {[%emt 0:07:30]} 16. Bb1 {[%emt 0:00:30]} (16. Nf5 $11 {keeps the balance.} Qxf4 17. Nxe7+ Kh8 18. Ne5) 16... Rfd8 $15 {[%emt 0:06:30]} 17. Nxb7 {[%emt 0:14:30]} Qxb7 {[%emt 0:01:30]} 18. Rc1 {[%emt 0:00:30]} Rac8 {[%emt 0:06:30]} 19. Be5 {[%emt 0:00:30]} Ncd7 {[%emt 0:02:30]} 20. Bc3 {[%emt 0:03:30]} Nd5 {[%emt 0:03:30]} 21. Ba5 {[%emt 0:03:30]} Re8 {[%emt 0:03:30]} 22. Rfd1 {[%emt 0:02:30]} N7f6 {[%emt 0:03:30]} 23. Ne5 {[%emt 0:00:30]} c5 {[%emt 0:00:30]} 24. g3 {[%emt 0:03:30]} a6 {[%emt 0:03:30]} 25. Qc2 {[%emt 0:02:30]} Nb4 {[%emt 0:07:30]} 26. Qd2 {[%emt 0:05:30]} Nc6 {[%emt 0:01:30]} 27. Bc3 {[%emt 0:00:31]} Nxe5 {[%emt 0:00:30]} 28. Bxe5 {[%emt 0:00:29]} Qf3 {[%emt 0:02:30]} 29. Rc3 {[%emt 0:02:21]} Qh5 {[%emt 0:00:30]} 30. f4 {[%emt 0:02:13]} Rcd8 {[%emt 0:02:30]} 31. Rd3 {[%emt 0:00:10]} Rxd3 {[%emt 0:01:30]} 32. Qxd3 {[%emt 0:01:16]} g6 {[%emt 0:02:30]} 33. Qc2 {[%emt 0:03:05]} Ng4 {[%emt 0:00:30]} 34. Bc3 {[%emt 0:03:42]} Ne3 {[%emt 0:00:30]} 0-1

[Event "TUR-ch Veterans 2020"]
[Site "Antalya-Belek"]
[Date "2020.01.23"]
[Round "7"]
[White "Yuksel, Mustafa"]
[Black "Kocak, Sabri"]
[Result "1/2-1/2"]
[WhiteElo "2004"]
[BlackElo "2086"]
[Annotator "NA RC"]
[PlyCount "51"]
[EventDate "2020.01.19"]
[EventCountry "TUR"]
[SourceTitle "playchess.com"]
[Source "ChessBase"]
[SourceQuality "1"]
[TimeControl "5400+30"]

{[%evp 11,36,16,32767,22,14,-5,0,-5,-26,-19,-28,-42,32767,32767,32767,32767,-46,-44,32767,-18,-9,-11,-15,-12,0,0,0]} 1. d4 {[%emt 0:00:30]} Nf6 {[%emt 0:00:30]} 2. Bf4 {[%emt 0:00:00]} c5 {[%emt 0:00:30]} 3. d5 {[%emt 0:00:00]} d6 {[%emt 0:00:30]} 4. Nc3 {[%emt 0:00:00]} Qb6 {[%emt 0:00:30]} 5. e4 {[%emt 0:00:00]} g6 {[%emt 0:05:30]} 6. Bd2 {[%emt 0:06:30]} Bg7 {[%emt 0:01:30]} 7. Bb5+ {[%emt 0:05:30]} Bd7 {[%emt 0:01:30]} 8. Bxd7+ {[%emt 0:00:30]} Nbxd7 {[%emt 0:00:00]} 9. Nf3 {[%emt 0:00:30]} O-O {[%emt 0:01:00]} 10. O-O {[%emt 0:00:30]} Rfe8 {[%emt 0:07:30]} 11. h3 {[%emt 0:03:30]} e6 {[%emt 0:03:30]} 12. dxe6 {[%emt 0:01:30]} Rxe6 {[%emt 0:00:30]} 13. Ng5 {[%emt 0:02:30]} Ree8 {[%emt 0:00:30]} 14. Re1 {[%emt 0:06:30]} Ne5 {[%emt 0:02:30]} 15. Rb1 {[%emt 0:04:30]} Qc6 {[%emt 0:07:30]} 16. Bf4 {[%emt 0:05:30]} Rad8 {[%emt 0:04:30]} 17. Nd5 {[%emt 0:03:30]} Nxd5 {[%emt 0:01:30]} 18. exd5 {[%emt 0:05:30]} Qa4 $11 {[%emt 0:04:30]} 19. Re4 {[%emt 0:12:30]} Qa6 {[%emt 0:06:30]} 20. a3 {[%emt 0:03:30]} b5 {[%emt 0:01:30]} 21. Nf3 {[%emt 0:04:30]} Nc4 {[%emt 0:03:30]} 22. Rxe8+ {[%emt 0:05:30]} Rxe8 {[%emt 0:00:00]} 23. c3 {[%emt 0:00:30]} Qb7 {[%emt 0:01:00]} 24. Nd2 {[%emt 0:07:30]} Qxd5 {[%emt 0:06:30]} 25. Nxc4 {[%emt 0:00:30]} Qxc4 {[%emt 0:00:30]} 26. Qxd6 {[%emt 0:00:00]} 1/2-1/2

[Event "TUR-ch Veterans 2020"]
[Site "Antalya-Belek"]
[Date "2020.01.23"]
[Round "7"]
[White "Muratoglu, Salih"]
[Black "Ozmen, Halil Nejat"]
[Result "0-1"]
[WhiteElo "1967"]
[BlackElo "1789"]
[Annotator "NA RC"]
[PlyCount "94"]
[EventDate "2020.01.19"]
[EventCountry "TUR"]
[SourceTitle "playchess.com"]
[Source "ChessBase"]
[SourceQuality "1"]
[TimeControl "5400+30"]

1. d4 {[%emt 0:00:30]} d5 {[%emt 0:00:30]} 2. c4 {[%emt 0:00:30]} c6 {[%emt 0:00:30]} 3. Nc3 {[%emt 0:00:30]} Nf6 {[%emt 0:00:30]} 4. Bf4 {[%emt 0:00:00]} e6 {[%emt 0:00:30]} 5. e3 {[%emt 0:00:00]} Be7 {[%emt 0:01:30]} 6. Nf3 {[%emt 0:00:30]} O-O {[%emt 0:00:30]} 7. Bd3 {[%emt 0:00:30]} dxc4 {[%emt 0:01:30]} 8. Bxc4 {[%emt 0:00:30]} b5 {[%emt 0:00:30] D37: Queen's Gambit Declined: 5 Bf4} 9. Bd3 {[%emt 0:00:30]} a6 {[%emt 0:00:30]} 10. Rc1 {[%emt 0:00:30]} Nbd7 {[%emt 0:00:30]} 11. O-O {[%emt 0:00:30]} Bb7 {[%emt 0:00:30]} 12. e4 {[%emt 0:01:30]} (12. Ne4 Nxe4 13. Bxe4 Qb6 14. Ne5 Nxe5 15. Bxe5 Rac8 16. Qg4 {½-½ (30) Pilaj,H (2354)-Frosch,R (2302) Austria 2018}) 12... c5 {[%emt 0:01:30]} 13. e5 {[%emt 0:05:30]} Nd5 {[%emt 0:01:30]} 14. Nxd5 {[%emt 0:00:00]} Bxd5 {[%emt 0:00:00]} 15. dxc5 {[%emt 0:00:00]} Bxf3 $146 {[%emt 0:07:00]} ({Predecessor:} 15... Nxc5 16. Nd4 Nxd3 17. Qxd3 Bc4 18. Rxc4 bxc4 19. Qxc4 {0-1 (34) Kaasen,T-Reveco Toledo,L (1590) Al Ain 2013}) 16. Qxf3 {[%emt 0:02:30]} Nxc5 {[%emt 0:00:00]} 17. Bb1 {[%emt 0:01:30]} Rc8 {[%emt 0:10:00]} (17... Qd4 $11 {remains equal.}) 18. Rfd1 {[%emt 0:02:30]} Qb6 $2 {[%emt 0:05:30]} (18... Qa5 $16) 19. Rc3 {[%emt 0:01:30]} Rfd8 {[%emt 0:01:30]} 20. Rdc1 {[%emt 0:01:30]} Qb8 $2 {[%emt 0:01:30]} (20... b4 $11 21. Rc4 Qb8) 21. Qg4 {[%emt 0:05:30]} g6 {[%emt 0:01:30]} (21... Na4 $5 {[%cal Ra4c3]} 22. Rxc8 Rxc8 $11) 22. Bc2 {[%emt 0:04:30]} (22. h4 $11) 22... Nd7 {[%emt 0:06:30]} 23. Qg3 {[%emt 0:02:30]} Rxc3 {[%emt 0:03:30]} 24. Qxc3 {[%emt 0:05:30]} Nb6 $11 {[%emt 0:00:30]} 25. Bg3 {[%emt 0:07:30]} Bg5 {[%emt 0:03:30]} 26. f4 {[%emt 0:05:30]} Nd5 {[%emt 0:00:30]} 27. Qf3 {[%emt 0:02:30]} Be7 {[%emt 0:05:30]} 28. Bb3 {[%emt 0:01:30]} a5 {[%emt 0:03:30]} 29. a3 {[%emt 0:03:30]} a4 {[%emt 0:01:30]} 30. Ba2 {[%emt 0:01:30]} b4 {[%emt 0:00:30]} 31. axb4 {[%emt 0:02:30]} Qxb4 {[%emt 0:00:30]} 32. Qf2 {[%emt 0:05:30]} Nb6 {[%emt 0:04:30]} 33. Bh4 {[%emt 0:03:30]} Bxh4 {[%emt 0:03:30]} 34. Qxh4 {[%emt 0:00:00]} Qd4+ {[%emt 0:00:30]} 35. Qf2 {[%emt 0:01:00]} Qxf2+ {[%emt 0:00:30]} 36. Kxf2 {[%emt 0:00:30]} Rd2+ {[%emt 0:00:00]} 37. Kf3 {[%emt 0:01:30]} Rxb2 {[%emt 0:00:00]} 38. Rb1 {[%emt 0:03:30]} a3 {[%emt 0:00:30]} 39. Ra1 {[%emt 0:00:30]} h5 {[%emt 0:01:30]} 40. h3 {[%emt 0:00:30]} h4 {[%emt 0:00:30]} 41. g3 {[%emt 0:00:30]} hxg3 {[%emt 0:01:30]} 42. Kxg3 {[%emt 0:00:30]} Kg7 {[%emt 0:00:30]} 43. h4 {[%emt 0:00:30]} Rc2 {[%emt 0:01:30]} 44. Kg4 {[%emt 0:01:30]} Rc3 {[%emt 0:00:30]} 45. Rb1 {[%emt 0:03:30]} Nc4 {[%emt 0:06:30]} 46. Rb7 {[%emt 0:01:30]} Ne3+ {[%emt 0:00:30]} 47. Kf3 {[%emt 0:00:30]} Nf5+ {[%emt 0:00:30]} 0-1

[Event "TUR-ch Veterans 2020"]
[Site "Antalya-Belek"]
[Date "2020.01.23"]
[Round "7"]
[White "Tozaki, Halil"]
[Black "Akinci, Ahmet"]
[Result "1-0"]
[WhiteElo "1880"]
[BlackElo "1355"]
[Annotator "NA RC"]
[PlyCount "145"]
[EventDate "2020.01.19"]
[EventCountry "TUR"]
[SourceTitle "playchess.com"]
[Source "ChessBase"]
[SourceQuality "1"]
[TimeControl "5400+30"]

1. d4 {[%emt 0:00:30]} Nf6 {[%emt 0:00:30]} 2. Nf3 {[%emt 0:00:00]} e6 {[%emt 0:00:00]} 3. c4 {[%emt 0:00:00]} b6 {[%emt 0:01:00]} 4. g3 {[%emt 0:00:30]} Bb7 {[%emt 0:00:30]} 5. Bg2 {[%emt 0:00:30]} c5 {[%emt 0:00:30]} 6. d5 {[%emt 0:00:30]} exd5 {[%emt 0:00:30]} 7. Nh4 {[%emt 0:00:30]} Nc6 {[%emt 0:01:30] E16: Queen's Indian: 4 g3 Bb7 5 Bg2 Bb4+} (7... g6 8. O-O Bg7 9. Nc3 O-O 10. cxd5 d6 11. Nf3 Na6 12. e4 Nc7 13. a4 a6 14. Re1 b5 15. a5 Re8 16. Nd2 Ra7 17. Ra2 Bc8 18. b3 h5 {1-0 (84) Korobov,A (2713)-Socko,B (2657) Warsaw 2013}) 8. cxd5 {[%emt 0:01:30]} Nb4 {[%emt 0:01:30]} 9. Nc3 {[%emt 0:00:30]} Bd6 $146 {[%emt 0:04:30]} ({Predecessor:} 9... d6 10. O-O Be7 11. a3 Na6 12. e4 O-O 13. Nf5 Bc8 14. Ne3 Nc7 15. f4 {1-0 (30) Arruda,L (1945)-Schwab,F (2080) Rio de Janeiro 2012}) 10. a3 {[%emt 0:00:30]} Na6 {[%emt 0:00:00]} 11. Nf5 {[%emt 0:00:30]} Bf8 {[%emt 0:00:00]} 12. O-O {[%emt 0:00:30]} (12. Nb5 $142) 12... d6 {[%emt 0:00:30]} 13. e4 {[%emt 0:01:30]} g6 {[%emt 0:06:30]} 14. Ne3 {[%emt 0:01:30]} (14. Re1 $18 Nd7 15. Qa4) 14... Qd7 $2 {[%emt 0:01:30]} (14... Bg7 $16 15. Qa4+ Kf8) 15. Nc4 {[%emt 0:02:30]} O-O-O {[%emt 0:06:30]} 16. e5 {[%emt 0:02:30]} Qg4 {[%emt 0:00:30]} 17. Qxg4+ {[%emt 0:06:30]} ({Weaker is} 17. exf6 Qxc4 18. Re1 Qd4 $18) 17... Nxg4 {[%emt 0:00:30]} 18. Bh3 {[%emt 0:00:30]} h5 {[%emt 0:01:30]} 19. f3 {[%emt 0:00:30]} dxe5 {[%emt 0:01:30]} 20. fxg4 {[%emt 0:00:30]} hxg4 {[%emt 0:00:30]} 21. Bg2 {[%emt 0:02:30]} f5 {[%emt 0:06:30]} 22. Nxe5 {[%emt 0:20:30]} Rg8 $18 {[%emt 0:06:30]} 23. Bg5 {[%emt 0:05:30]} Re8 {[%emt 0:01:30]} 24. Rae1 {[%emt 0:01:30]} Bg7 {[%emt 0:00:30]} 25. Nc6 {[%emt 0:01:30]} Bxc6 {[%emt 0:07:30]} 26. dxc6 {[%emt 0:00:30]} Nc7 {[%emt 0:02:30]} 27. Rxe8+ {[%emt 0:03:30]} Rxe8 {[%emt 0:00:30]} 28. a4 {[%emt 0:00:30]} a6 {[%emt 0:00:30]} 29. Bc1 {[%emt 0:07:30]} b5 {[%emt 0:01:30]} 30. axb5 {[%emt 0:00:30]} axb5 {[%emt 0:00:30]} 31. Nd5 {[%emt 0:00:30]} Na6 {[%emt 0:03:30]} 32. b3 {[%emt 0:01:30]} Nb8 {[%emt 0:01:30]} 33. Nf4 {[%emt 0:05:30]} g5 {[%emt 0:00:30]} 34. Nd3 {[%emt 0:00:30]} c4 {[%emt 0:00:30]} 35. bxc4 {[%emt 0:00:30]} bxc4 {[%emt 0:00:30]} 36. Nb4 {[%emt 0:02:30]} Bc3 {[%emt 0:01:30]} 37. c7 {[%emt 0:01:30]} Bd4+ {[%emt 0:00:30]} 38. Kh1 {[%emt 0:00:30]} Kxc7 39. Bxg5 {[%emt 0:00:30]} Kd6 {[%emt 0:05:00]} 40. Nc2 {[%emt 0:04:30]} Bc5 {[%emt 0:06:30]} 41. Rxf5 {[%emt 0:01:30]} Re2 {[%emt 0:00:30]} 42. Bf4+ {[%emt 0:01:30]} Ke6 {[%emt 0:00:30]} 43. Rxc5 {[%emt 0:01:30]} Rxc2 {[%emt 0:02:30]} 44. Bd5+ {[%emt 0:01:30]} Kd7 {[%emt 0:02:30]} 45. Rxc4 {[%emt 0:00:30]} Rb2 {[%emt 0:01:30]} 46. Rc1 {[%emt 0:02:51]} Ke7 {[%emt 0:01:30]} 47. Re1+ {[%emt 0:00:12]} Kd7 {[%emt 0:00:30]} 48. Be6+ {[%emt 0:00:27]} Kd8 {[%emt 0:01:30]} 49. Bxg4 {[%emt 0:00:43]} Nc6 {[%emt 0:01:30]} 50. Rd1+ {[%emt 0:00:18]} Ke7 {[%emt 0:00:30]} 51. Bg5+ {[%emt 0:00:35]} Kf7 {[%emt 0:00:30]} 52. Bh5+ {[%emt 0:01:54]} Ke6 {[%emt 0:00:30]} 53. Re1+ {[%emt 0:00:42]} Kf5 {[%emt 0:01:30]} 54. Bf4 {[%emt 0:00:53]} Kf6 {[%emt 0:02:30]} 55. Bf3 {[%emt 0:00:20]} Rc2 {[%emt 0:00:30]} 56. Bxc6 {[%emt 0:00:25]} Rxc6 {[%emt 0:00:30]} 57. Re2 {[%emt 0:00:23]} Kf5 {[%emt 0:00:30]} 58. Kg2 {[%emt 0:00:11]} Ra6 {[%emt 0:00:30]} 59. Re5+ {[%emt 0:00:16]} Kf6 {[%emt 0:00:30]} 60. h4 {[%emt 0:00:14]} Kg6 {[%emt 0:00:30]} 61. Kh3 {[%emt 0:00:16]} Ra8 {[%emt 0:01:30]} 62. Kg4 {[%emt 0:00:37]} Rg8 {[%emt 0:00:00]} 63. Rg5+ {[%emt 0:00:32]} Kh7 {[%emt 0:00:00]} 64. Rxg8 {[%emt 0:00:38]} Kxg8 {[%emt 0:00:30]} 65. Kg5 {[%emt 0:00:08]} Kh7 {[%emt 0:00:00]} 66. h5 {[%emt 0:00:37]} Kg7 {[%emt 0:02:49]} 67. Kf5 {[%emt 0:00:00]} Kh7 {[%emt 0:00:00]} 68. g4 {[%emt 0:00:42]} Kg7 {[%emt 0:00:00]} 69. g5 {[%emt 0:00:06]} Kf7 {[%emt 0:00:00]} 70. Be5 {[%emt 0:01:00]} Kg8 {[%emt 0:00:00]} 71. g6 {[%emt 0:00:00]} Kf8 {[%emt 0:00:00]} 72. h6 {[%emt 0:00:30]} Ke7 {[%emt 0:00:00]} 73. h7 {[%emt 0:00:30]} 1-0